000 00767nam a22002057a 4500
999 _c18939
_d18939
003 AR-CdUCM
008 190515b ||||| |||| 00| 0 spa d
040 _aMUNICIPALIDAD PROVINCIAL DEL CUSCO
_cBIBLIOTECA MUNICIPAL DEL CUSCO
082 _a374.48 /
_bV34
100 _aVasquez, Mario C.
_939869
245 _aEducación rural en el callejón de Huaylas :
_bEl caso de Vicos: El punto de vista antropológico /
260 _aLima :
_bEstudios andinos,
_c1965.
300 _a184 páginas ;
_c21 cm.
505 _aContenido : La educación en el callejón de Huaylas -- La escuela en Vicos -- Logros y recomendaciones ...
650 _aEscuela
_91856
650 _aVicos
_939870
650 _aAntropología
_9878
942 _2ddc
_cLIBROS
945 _arah
_d2019/05/15